How to excel, when chips are down / (Record no. 37326)

MARC details
000 -LEADER
fixed length control field 00673nam a22001817a 4500
005 - DATE AND TIME OF LATEST TRANSACTION
control field 20100723153126.0
010 ## - LCCN (DPL NO)
LC control number ENG- 96615
020 ## - INTERNATIONAL STANDARD BOOK NUMBER
International Standard Book Number 9788128821165
Terms of availability 95.00
035 ## - SYSTEM CONTROL NUMBER
System control number EN- 80148
037 ## - SOURCE OF ACQUISITION
Source of stock number/acquisition DBAD/PUB
100 ## - MAIN ENTRY--PERSONAL NAME
Personal name Joginder Singh
245 ## - TITLE STATEMENT
Title How to excel, when chips are down /
Statement of responsibility, etc by Joginder Singh
260 ## - PUBLICATION, DISTRIBUTION, ETC. (IMPRINT)
Place of publication, distribution, etc New Delhi
Name of publisher, distributor, etc Diamond Pocket Books
Date of publication, distribution, etc 2009
270 ## - ADDRESS
Address X- 30, Okhla Industrial Area, Phase- II
City New Delhi
Postal code 110020
Telephone number 011- 41611861
Fax number 011- 41611866
Electronic mail address sales@dpb.in
300 ## - PHYSICAL DESCRIPTION
Extent 174p.
Dimensions 21cm, (pbk)
942 ## - ADDED ENTRY ELEMENTS (KOHA)
Source of classification or shelving scheme Dewey Decimal Classification
Item type English Books
Call number suffix JOG
Holdings
Withdrawn status Lost status Not for loan Collection code Home library Current library Date acquired Source of acquisition Cost, normal purchase price Full call number Barcode Copy number Cost, replacement price Koha item type
    Not For Loan Non-fiction D.B.Act.Division D.B.Act.Division 23/07/2010 DBAD/PUB 95.00 SIN EN-80148 1 95.00 English Books

© Delhi Public Library
Hit Counter
free hit counter